000 01057nam a22001937a 4500
999 _c59441
_d59441
003 Ge_BSU
005 20230216145618.0
008 230216s1992 ge ||||| |||| 00| 0 geo d
041 _ageo
080 _a341.241 კ-83
245 _aკრებული სხვადასხვა სახის საქმიანობაში ხელშეკრულებათა ტიპიური ფორმებისა /
_c [შემდგ.: ლ. ჩოლოყაშვილი (რედ.), დ. საგანელიძე, თ. ანდრიაძე, თ. ქრისტესიაშვილი].
264 _aთბილისი :
_bარბიტრი-XX,
_c1992.
300 _a169გვ. ;
_b20სმ.
504 _aბიბლიოგრ.: გვ. 167.
653 _aხელშეკრულები
653 _aსახელშეკრულებო სამართალი
700 _aჩოლოყაშვილი, ლევან
_eშემდგენელი
_916948
942 _2udc
_cBK